| 000 | 00519nam a22001817a 4500 | ||
|---|---|---|---|
| 003 | CEME | ||
| 005 | 20210628202738.0 | ||
| 008 | 210126b xxu||||| |||| 00| 0 eng d | ||
| 020 | _a81-203-1618-5 | ||
| 040 | _c. | ||
| 082 | _a621.367 CHA | ||
| 100 |
_aChanda, Bhabatosh :Chanda, B :Majumder, Dwijesh Dutta _961391 |
||
| 245 | _aDigital image processing and analysis | ||
| 260 |
_aNEW DELHI _bPRENTICE HALL OF INDIA _c2002 |
||
| 300 | _aXV,365P | ||
| 650 |
_aDIGITAL IMAGE PROCESSING.DIP _959446 |
||
| 942 |
_cBK _2ddc |
||
| 999 |
_c570860 _d570860 |
||